书目信息 |
| 题名: |
鱼龙混杂:形形色色的官商巨贾
|
|
| 作者: | 周彦文 主编 | |
| 分册: | ||
| 出版信息: | 北京 中国商业出版社 1993.04 |
|
| 页数: | 211页 | |
| 开本: | 32开 | |
| 丛书名: | ||
| 单 册: | ||
| 中图分类: | K825.3 | |
| 科图分类: | ||
| 主题词: | 人物--传记--中国 | |
| 电子资源: | ||
| ISBN: | 7-5044-1485-9 | |
| 000 | 00596nam0 2200193 45 | |
| 001 | 0006122205 | |
| 005 | 20000612222613.3 | |
| 010 | @a7-5044-1485-9@d6.10元 | |
| 100 | @a20000612d1993 km y0chiy0120 ea | |
| 101 | 0 | @achi |
| 105 | @a z 000yy | |
| 200 | 1 | @a鱼龙混杂:形形色色的官商巨贾@AYu Long Hun Za:Xing Xing Se Se De Guan Shang Ju Jia@f周彦文主编@FZhou Yan Wen Zhu Bian |
| 210 | @a北京@c中国商业出版社@d1993.04 | |
| 215 | @a211页@d32开 | |
| 606 | 0 | @a人物@x传记@x中国 |
| 690 | @aK825.3@v3 | |
| 701 | 0 | @a周彦文@4主编 |
| 801 | @aCN@bPftUser@c20000612 | |
| 905 | @b201394-395@dK825.3@eZH877@f2 | |
| 鱼龙混杂:形形色色的官商巨贾/周彦文主编.-北京:中国商业出版社,1993.04 |
| 211页;32开 |
| ISBN 7-5044-1485-9:6.10元 |
| ● |
| 相关链接 |
|
|
|
正题名:鱼龙混杂:形形色色的官商巨贾
索取号:K825.3/ZH877
 
预约/预借
| 序号 | 登录号 | 条形码 | 馆藏地/架位号 | 状态 | 备注 |
| 1 | 201394 | 202013944 | 社科库309/309社科库 48排2列5层/ [索取号:K825.3/ZH877] | 在馆 | |
| 2 | 201395 | 202013953 | 社科库309/309社科库 48排2列5层/ [索取号:K825.3/ZH877] | 在馆 |